[Event "Challenge"]
[Site "http://www.queenalice.com/game.php?id=1363158"]
[Date "2015.6.2"]
[Round "-"]
[White "FatFarter"]
[Black "Vladimir"]
[Result "1-0"]
[WhiteElo "1809"]
[BlackElo "1840"]

1. d4 d5 2. Nf3 Nf6 3. c3 e6 4. Bg5 h6 5. Bh4 Be7 6. e3 O-O 7. Bd3 a6 8. O-O Nc6
9. Bg3 Bd6 10. Nbd2 Bxg3 11. fxg3 b5 12. e4 dxe4 13. Nxe4 Nxe4 14. Bxe4 Bb7 15.
Qe2 f5 16. Bxc6 Bxc6 17. Qxe6+ Kh7 18. Qxc6 Rf6 19. Qb7 Rb6 20. Ng5+ hxg5 21.
Qf3 Rf6 22. Qh5+ Rh6 23. Qf3 Rf6 24. Rae1 g4 25. Qd3 g6 26. Re2 c5 27. Rfe1 c4
28. Re7+ Kh6 29. Qe3+ g5 30. h4 gxh3 31. gxh3 Kg6 32. h4 gxh4 33. gxh4 Qd5 34.
Qg5# 1-0

[Event "Challenge"]
[Site "http://www.queenalice.com/game.php?id=1366973"]
[Date "2015.6.22"]
[Round "-"]
[White "calumvs"]
[Black "FatFarter"]
[Result "0-1"]
[WhiteElo "1841"]
[BlackElo "1778"]

1. e4 c5 2. Nf3 Nc6 3. a3 d5 4. exd5 Qxd5 5. Nc3 Qd8 6. Bc4 e6 7. O-O Bd6 8. Ne4
Be7 9. Re1 Nf6 10. c3 Nxe4 11. Rxe4 O-O 12. d4 cxd4 13. Nxd4 Qc7 14. Nxc6 Qxc6
15. Bd3 b6 16. Qh5 g6 17. Qd1 Bb7 18. f3 a5 19. Bf4 Rad8 20. Qc2 Bc5+ 21. Kh1
Qe8 22. Re2 Qe7 23. Bb5 Qf6 24. Be5 Qf5 25. Qxf5 exf5 26. b4 axb4 27. axb4 Bd6
28. h4 Bxe5 29. Rxe5 Rd2 30. Rc1 Rfd8 31. Re8+ Rxe8 32. Bxe8 Kf8 33. Bb5 Ke7 34.
Kg1 Kd6 35. Be8 Bd5 0-1

[Event "Challenge"]
[Site "http://www.queenalice.com/game.php?id=1375664"]
[Date "2015.8.5"]
[Round "-"]
[White "FatFarter"]
[Black "OsirBon"]
[Result "0-1"]
[WhiteElo "1850"]
[BlackElo "1858"]

1. e4 c6 2. d4 d5 3. exd5 cxd5 4. c3 Nc6 5. Bd3 Nf6 6. Ne2 Bg4 7. f3 Bh5 8. O-O
e6 9. Bg5 h6 10. Bh4 g5 11. Bg3 g4 12. fxg4 Bxg4 13. Qc2 Bd6 14. Bxd6 Qxd6 15.
a4 Rg8 16. Rxf6 h5 17. Kh1 h4 18. h3 Qe7 19. Rf4 Bh5 20. Na3 Qg5 21. Rf2 Rc8 22.
Bb5 a6 23. Bxc6+ Rxc6 24. Rg1 Bg6 25. Qd1 Be4 26. Nf4 Qg3 27. Qf1 f6 28. Nh5
Qxh3# 0-1

[Event "Challenge"]
[Site "http://www.queenalice.com/game.php?id=1383936"]
[Date "2015.9.18"]
[Round "-"]
[White "smcneil"]
[Black "FatFarter"]
[Result "1-0"]
[WhiteElo "1922"]
[BlackElo "1799"]

1. e4 e5 2. Bc4 Nf6 3. d3 c6 4. Nf3 Qc7 5. Bg5 Be7 6. O-O O-O 7. c3 d6 8. Nbd2
Bg4 9. Be3 d5 10. exd5 cxd5 11. Bb3 Nc6 12. h3 Bh5 13. Qc2 Rac8 14. d4 e4 15.
Ne5 Nxe5 16. dxe5 Qxe5 17. Bxa7 Bd6 18. g3 Be2 19. Bd4 Qg5 20. Bxf6 1-0

[Event "Challenge"]
[Site "http://www.queenalice.com/game.php?id=1383937"]
[Date "2015.9.18"]
[Round "-"]
[White "FatFarter"]
[Black "smcneil"]
[Result "0-1"]
[WhiteElo "1788"]
[BlackElo "1933"]

1. e4 c5 2. Nc3 e5 3. Bc4 Nf6 4. Nge2 a6 5. a4 Nc6 6. d3 Nb4 7. O-O d6 8. f4 Bg4
9. Bd2 Nc6 10. Qe1 g6 11. f5 Bxe2 12. Nxe2 Bg7 13. Bg5 O-O 14. fxg6 h6 15. gxf7+
Kh7 16. Bh4 Nd4 17. Rc1 Qe7 18. Ng3 Ne6 19. Nf5 Qxf7 0-1

[Event "Challenge"]
[Site "http://www.queenalice.com/game.php?id=1409621"]
[Date "2016.2.16"]
[Round "-"]
[White "Paulobraz"]
[Black "FatFarter"]
[Result "0-1"]
[WhiteElo "1944"]
[BlackElo "1797"]

1. g3 e5 2. Bg2 d5 3. e4 Nf6 4. d3 dxe4 5. Nc3 exd3 6. cxd3 c6 7. Nge2 Bd6 8.
O-O O-O 9. f4 exf4 10. Nxf4 Bg4 11. Qb3 Qc7 12. Be3 Nbd7 13. h3 Bh5 14. g4 Bxg4
15. hxg4 Nxg4 16. Bd2 b5 17. Nxb5 Qb6+ 18. d4 cxb5 19. Bxa8 Qxd4+ 20. Kh1 Rxa8
21. Rad1 Qf6 22. Nh3 Qg6 23. Qf3 Rf8 24. a3 Nde5 25. Qg2 h5 26. Nf4 Qg5 27. Ne6
Qh4+ 28. Kg1 fxe6 29. Rxf8+ Kxf8 30. Rf1+ Kg8 31. Qa8+ Kh7 32. Qe4+ Ng6 33. Bf4
Qh2+ 34. Bxh2 Bxh2+ 35. Kh1 Kh6 36. Qxe6 Kg5 37. Qf5+ Kh6 38. Qxb5 Nf4 39. Qa6+
g6 40. Qxa7 Ne2 41. Kg2 Bf4 42. Kh3 Be5 43. Qb6 Nf4+ 44. Rxf4 Bxf4 45. b4 Be3
46. Qd6 Nf2+ 47. Kh4 Bg5+ 48. Kg3 Ne4+ 49. Kf3 Nxd6 50. a4 Bd2 0-1

[Event "Let's Play Chess!"]
[Site "http://www.queenalice.com/game.php?id=1420725"]
[Date "2016.5.3"]
[Round "-"]
[White "FatFarter"]
[Black "igorjava"]
[Result "0-1"]
[WhiteElo "1786"]
[BlackElo "1870"]

1. e4 c5 2. d4 cxd4 3. Qxd4 Nc6 4. Qd1 Nf6 5. Nc3 d6 6. Bb5 a6 7. Bxc6+ bxc6 8.
Nge2 e6 9. O-O Be7 10. Be3 O-O 11. f4 Qc7 12. Ng3 Bb7 13. f5 Rad8 14. Qe2 Qc8
15. Bb6 Rde8 16. h3 exf5 17. Nxf5 g6 18. e5 dxe5 19. Nxe7+ Rxe7 20. Rxf6 Re6 21.
Raf1 c5 22. Rxe6 Qxe6 23. Bxc5 Re8 24. Be3 Rd8 25. Bh6 f5 26. b3 Rc8 27. Qd3 Qe7
28. Nd5 Qc5+ 29. Ne3 f4 30. Qc4+ Qxc4 31. Nxc4 Re8 32. Nd6 Re7 33. Nxb7 Rxb7 34.
c4 Kf7 35. Kf2 Ke6 36. Re1 Kf5 37. Bf8 e4 38. Ba3 Rd7 39. Re2 g5 40. Bb2 Rd1 41.
a4 h5 42. b4 e3+ 43. Rxe3 fxe3+ 44. Kxe3 Rg1 45. Kf3 Rb1 46. g4+ hxg4+ 47. hxg4+
Ke6 48. Bd4 Rxb4 0-1

[Event "Let's Play Chess!"]
[Site "http://www.queenalice.com/game.php?id=1420974"]
[Date "2016.5.3"]
[Round "-"]
[White "igorjava"]
[Black "FatFarter"]
[Result "1/2-1/2"]
[WhiteElo "1927"]
[BlackElo "1773"]

1. e4 c5 2. Nf3 Nc6 3. d4 cxd4 4. Nxd4 e5 5. Nb3 Nf6 6. Bg5 Be7 7. Nc3 O-O 8.
Bd3 Nb4 9. O-O Nxd3 10. cxd3 d6 11. Bxf6 Bxf6 12. Nd5 Be6 13. Ne3 Qe7 14. Rc1 h6
15. a3 Bg5 16. Nd2 Qd7 17. Nf3 Be7 18. Nd2 f5 19. exf5 Bxf5 20. Nxf5 Qxf5 21.
Ne4 d5 22. Ng3 Qg6 23. f3 h5 24. Qe2 h4 25. Nh1 Rf7 26. Qxe5 Rd8 27. d4 Bf6 28.
Qe3 Re7 29. Qd2 Rde8 30. Rce1 Rxe1 31. Rxe1 Bxd4+ 32. Kf1 Rxe1+ 33. Qxe1 Qd3+
34. Qe2 Qxe2+ 35. Kxe2 Bxb2 36. a4 Bc3 37. Nf2 Be5 38. h3 Kf7 39. Nd3 Bd6 40.
Ke3 Ke6 41. Kd4 a6 42. Kc3 b5 43. axb5 axb5 44. Kb3 d4 45. Kc2 Kd5 46. Kb3 g5
47. Nc1 b4 48. Nd3 Ke6 49. Kc4 b3 50. Kxb3 Kd5 51. Nf2 Bg3 52. Nd3 Bd6 53. Nf2
Ke5 1/2-1/2

[Event "Challenge"]
[Site "http://www.queenalice.com/game.php?id=1424584"]
[Date "2016.5.24"]
[Round "-"]
[White "FatFarter"]
[Black "sophiedurga"]
[Result "0-1"]
[WhiteElo "1802"]
[BlackElo "1807"]

1. e4 e6 2. d4 d5 3. exd5 exd5 4. Bd3 f5 5. Ne2 Bd6 6. Bf4 Qf6 7. c3 Ne7 8. O-O
O-O 9. Nd2 g5 10. Bxd6 Qxd6 11. Nf3 Qf6 12. Qd2 h6 13. Ne5 Nbc6 14. f4 g4 15.
Ng3 Nxe5 16. fxe5 Qg5 17. Qc2 Ng6 18. Nxf5 Bxf5 19. Rxf5 Qe3+ 20. Kh1 Rxf5 21.
Bxf5 Nh8 22. Bxg4 Rf8 23. h3 Qg5 24. Be6+ Kg7 0-1

[Event "Challenge"]
[Site "http://www.queenalice.com/game.php?id=1424585"]
[Date "2016.5.24"]
[Round "-"]
[White "FatFarter"]
[Black "sophiedurga"]
[Result "0-1"]
[WhiteElo "1819"]
[BlackElo "1790"]

1. e4 e6 2. d4 d5 3. Nc3 Nf6 4. Bg5 Be7 5. Bxf6 Bxf6 6. exd5 exd5 7. Nf3 O-O 8.
Be2 Re8 9. O-O c6 10. Ne1 Re7 11. Bd3 g6 12. Ne2 Nd7 13. c3 a5 14. f4 Nf8 15. f5
g5 16. Ng3 Bh8 17. Nh5 f6 18. Nf3 h6 19. h4 Qe8 20. Nh2 b5 21. hxg5 hxg5 22. Ng4
Nh7 23. Nh6+ Kf8 24. Ng3 Ba6 25. Be2 Kg7 0-1

[Event "Challenge"]
[Site "http://www.queenalice.com/game.php?id=1432385"]
[Date "2016.7.20"]
[Round "-"]
[White "FatFarter"]
[Black "Vitorpl"]
[Result "1/2-1/2"]
[WhiteElo "1818"]
[BlackElo "1812"]

1. d4 d5 2. c3 Nf6 3. Bg5 Ne4 4. Bh4 g6 5. Nd2 Bg7 6. Ngf3 b6 7. e3 Bb7 8. Bd3
O-O 9. O-O Qd6 10. Qc2 f5 11. Ng5 Bf6 12. Ngxe4 fxe4 13. Bxf6 Rxf6 14. Be2 Nd7
15. Rad1 e5 16. dxe5 Nxe5 17. Nxe4 dxe4 18. Rxd6 cxd6 19. f4 exf3 20. Bxf3 Nxf3+
21. gxf3 Bxf3 22. Rxf3 Rxf3 23. Qe4 Raf8 24. Qe6+ R8f7 25. Qxd6 Rxe3 26. Qd8+
Rf8 27. Qd5+ Rf7 28. Qd8+ Rf8 29. Qd5+ Rf7 30. Qd8+ 1/2-1/2

[Event "Challenge"]
[Site "http://www.queenalice.com/game.php?id=1432389"]
[Date "2016.7.20"]
[Round "-"]
[White "FatFarter"]
[Black "Vitorpl"]
[Result "1-0"]
[WhiteElo "1779"]
[BlackElo "1830"]

1. e4 e5 2. Nc3 b6 3. d3 Nf6 4. Be3 g6 5. Be2 Bg7 6. Nh3 d6 7. Qd2 Nc6 8. f4
Bxh3 9. gxh3 Qd7 10. O-O-O Qxh3 11. fxe5 Nxe5 12. d4 Nf3 13. Bxf3 Qxf3 14. e5
dxe5 15. dxe5 O-O 16. exf6 Bxf6 17. Nd5 Be5 18. Bh6 Rfe8 19. Kb1 Rad8 20. Ne7+
1-0

[Event "Challenge"]
[Site "http://www.queenalice.com/game.php?id=1434867"]
[Date "2016.8.5"]
[Round "-"]
[White "FatFarter"]
[Black "mvson33"]
[Result "1-0"]
[WhiteElo "1797"]
[BlackElo "1924"]

1. c4 Nf6 2. Nc3 e6 3. d4 d5 4. Bg5 Be7 5. e3 Nbd7 6. cxd5 Nxd5 7. Bxe7 Qxe7 8.
Bd3 O-O 9. Nge2 N7f6 10. O-O b6 11. e4 Nxc3 12. bxc3 Bb7 13. f3 c5 14. Qc2 h6
15. Rae1 cxd4 16. cxd4 Rac8 17. Qd2 Rfd8 18. Rc1 Qa3 19. Rxc8 Rxc8 20. h3 Ba6
21. Bxa6 Qxa6 22. d5 exd5 23. e5 Nd7 24. Qxd5 Nxe5 25. Qxe5 1-0

[Event "Challenge"]
[Site "http://www.queenalice.com/game.php?id=1435009"]
[Date "2016.8.6"]
[Round "-"]
[White "altair"]
[Black "FatFarter"]
[Result "0-1"]
[WhiteElo "1792"]
[BlackElo "1818"]

1. e4 c5 2. c4 Nc6 3. d3 e6 4. Nf3 Bd6 5. Qe2 Nge7 6. e5 Bc7 7. a3 O-O 8. Bd2 d5
9. Nc3 Nd4 10. Nxd4 cxd4 11. Nd1 dxc4 12. dxc4 Ng6 13. Bb4 Ba5 14. Qd2 Bxb4 15.
Qxb4 Nxe5 16. Qd2 b6 17. b3 Bb7 18. f3 Bxf3 19. Qf2 Bh5 20. Be2 Bxe2 21. Qxe2 f6
22. Nf2 d3 23. Qd2 f5 24. O-O f4 25. Rad1 f3 26. Nxd3 Ng4 27. g3 Qd4+ 28. Nf2
Qc5 29. a4 Ne3 30. Ne4 f2+ 31. Rxf2 Rxf2 32. Qxf2 Nxd1 33. Qxc5 bxc5 34. Nxc5
Kf7 35. h4 Ne3 36. Kf2 Nf5 37. a5 Rb8 38. h5 Nd4 39. Ke3 Nxb3 40. Nd7 Rb4 41.
Kf2 Nxa5 42. g4 Nxc4 43. Kg3 Ne3 44. Kf3 Nxg4 45. Kg3 Nf6 46. Ne5+ Ke8 47. Kf3
Nxh5 48. Ke3 Nf6 49. Kd3 a5 50. Kc3 Nd5+ 51. Kd3 a4 52. Kc2 h5 53. Nf3 a3 54.
Nd2 a2 55. Nb3 Rxb3 0-1

[Event "Challenge"]
[Site "http://www.queenalice.com/game.php?id=1446373"]
[Date "2016.10.19"]
[Round "-"]
[White "FatFarter"]
[Black "Petruzza"]
[Result "1-0"]
[WhiteElo "1833"]
[BlackElo "1852"]

1. d4 e6 2. e4 c6 3. Bd3 h5 4. c3 Nf6 5. Bg5 Qa5 6. Nd2 Qxg5 7. g3 Ng4 8. Ngf3
Qf6 9. e5 Qd8 10. Ne4 Na6 11. Nfg5 g6 12. Qf3 Nh6 13. Nf6+ Ke7 14. d5 cxd5 15.
c4 dxc4 16. Bxc4 d5 17. Qa3+ Qd6 18. Qxd6# 1-0

[Event "Challenge"]
[Site "http://www.queenalice.com/game.php?id=1512681"]
[Date "2018.1.20"]
[Round "-"]
[White "OsirBon"]
[Black "FatFarter"]
[Result "1-0"]
[WhiteElo "1944"]
[BlackElo "1834"]

1. e4 c5 2. Nf3 Nc6 3. Bb5 a6 4. Ba4 b5 5. Bb3 c4 6. d4 cxb3 7. cxb3 e6 8. O-O
Nf6 9. d5 exd5 10. exd5 Nxd5 11. Qxd5 Be7 12. Re1 O-O 13. Nc3 Bb7 14. Bg5 Bxg5
15. Nxg5 h6 16. Nge4 Rb8 17. Nd6 Ba8 18. Nce4 Nb4 19. Qd2 a5 20. a3 Na6 21. Rac1
a4 22. b4 Nc7 23. Rc5 Bc6 24. Qc3 Ne6 25. Rh5 Bxe4 26. Rxe4 Ng5 27. Nf5 f6 28.
Re7 Rf7 29. Rxf7 Nxf7 30. Qg3 Qf8 31. Ne7+ Kh7 32. Qd3+ 1-0

[Event "Challenge"]
[Site "http://www.queenalice.com/game.php?id=1518134"]
[Date "2018.3.2"]
[Round "-"]
[White "OsirBon"]
[Black "FatFarter"]
[Result "1-0"]
[WhiteElo "1966"]
[BlackElo "1822"]

1. e4 c5 2. Nf3 Nc6 3. Bc4 e6 4. O-O d5 5. exd5 exd5 6. Re1+ Be6 7. Bb3 Bd6 8.
Nc3 c4 9. Ba4 Ne7 10. d3 cxd3 11. Qxd3 a6 12. Ng5 Bf5 13. Qxf5 1-0

[Event "Challenge"]
[Site "http://www.queenalice.com/game.php?id=1520030"]
[Date "2018.3.17"]
[Round "-"]
[White "OsirBon"]
[Black "FatFarter"]
[Result "1-0"]
[WhiteElo "2001"]
[BlackElo "1812"]

1. e4 c5 2. Nf3 Nc6 3. Bc4 e6 4. O-O a6 5. a3 d5 6. exd5 exd5 7. Ba2 Be6 8. Nc3
Nf6 9. Re1 Be7 10. d4 O-O 11. dxc5 Bxc5 12. Bg5 Be7 13. Bxf6 Bxf6 14. Nxd5 Bxb2
15. Rb1 Bxa3 16. Rxb7 Rb8 17. Rxb8 Nxb8 18. Qd3 Bxd5 19. Bxd5 Qd6 20. Ng5 Qh6
21. Nxf7 Qh5 22. Re5 Qg6 23. Qxg6 hxg6 24. Ng5+ Kh8 25. Re3 Bc5 26. Rh3# 1-0

[Event "Challenge"]
[Site "http://www.queenalice.com/game.php?id=1524918"]
[Date "2018.4.25"]
[Round "-"]
[White "OsirBon"]
[Black "FatFarter"]
[Result "0-1"]
[WhiteElo "2051"]
[BlackElo "1797"]

1. e4 c5 2. Nf3 Nc6 3. Bc4 e6 4. O-O d5 5. exd5 exd5 6. Be2 Bd6 7. Nc3 a6 8. d3
Nge7 9. Ng5 Bf5 10. Bg4 Bg6 11. Re1 O-O 12. Bh5 Qc7 13. h3 Bf4 14. Bxg6 fxg6 15.
Ne6 Qd6 16. Nxf8 Rxf8 17. Bxf4 Qxf4 18. Qe2 h5 19. g3 Qf5 20. Na4 Nd4 21. Qf1
Nf3+ 22. Kg2 Nxe1+ 23. Rxe1 Qf3+ 24. Kg1 Nf5 25. Qg2 Nd4 26. Nxc5 Rf7 0-1

[Event "Challenge"]
[Site "http://www.queenalice.com/game.php?id=1524919"]
[Date "2018.4.25"]
[Round "-"]
[White "FatFarter"]
[Black "OsirBon"]
[Result "0-1"]
[WhiteElo "1804"]
[BlackElo "2020"]

1. e4 c6 2. d4 d5 3. Nc3 dxe4 4. Nxe4 Bf5 5. Ng3 Bg6 6. Be3 e6 7. Nf3 Nd7 8. Be2
Bd6 9. O-O Ne7 10. c3 Nd5 11. Bd2 O-O 12. Rc1 c5 13. Bg5 Qc7 14. Nh4 h6 15. Nxg6
fxg6 16. Bd2 Bxg3 17. fxg3 Rxf1+ 18. Bxf1 Qb6 19. dxc5 Nxc5 20. Kh1 Ne4 0-1